000 01192nam a2200193 i 4500
001 185609
003 ES-MaACL
005 20230906222457.0
008 160728s19241928cl |||| | spa d
245 0 0 _aBiblioteca histórico-genealógica asturiana /
_cpublicada bajo la dirección de Senén Alvarez de la Rivera M.
260 _aSantiago de Chile :
_b[s.n.],
_c1924-1928 (
_fImp. Cervantes)
300 _a3 v. ;
_c27 cm.
505 8 _aContiene: v. 1. I. Apuntamientos genealógicos para la inteligencia de las casas nobles de Asturias : manuscrito inédito del siglo XVII. II. Memorias de varones célebres asturianos : manuscrito inédito del siglo XIX / por D. José Caveda y Nava (247 p., 9 h. de lám.) -- v. 2. Solar de la Casa de Olloniego / de D. Felipe Bernardo de Quirós, obra escrita en el año 1688 (339 p., 10 h. de lám.) -- v. 3. Libro de recepciones del Colegio de San Pelayo de Salamanca : manuscrito inédito (323 p.)
651 4 _aAsturias (Comunidad Autónoma)-
_xGenealogía.
_97831
700 1 _aAlvarez de la Rivera M., Senén.
_920761
700 0 _aCaveda y Nava, José.
_937175
700 1 _aBernaldo de Quirós, Felipe.
_9160222
852 _aES-MaACL
_jB-12994-96
999 _c185609
_d185609